banner koha

Criterios para instalacao de quebra-ventos (Registro n. 288716)

MARC details
000 -LÍDER
campo de controle de tamanho fixo 00932nac a22003017a 4500
001 - NÚMERO DE CONTROLE
campo de controle BR9802181
003 - IDENTIFICADOR DO NÚMERO DE CONTROLE
campo de controle BR-BrBNA
005 - DATA E HORÁRIO DA ÚLTIMA TRANSAÇÃO
campo de controle 20240105122017.0
008 - CAMPO DE DADOS FIXOS--INFORMAÇÃO GERAL
campo de controle de tamanho fixo 230509b bl.|||m| |||| 00| 0 por d
040 ## - FONTE DA CATALOGAÇÃO
Instituição da catalogação original BR-BrBNA
Idioma da catalogação por
Instituição que transcreveu o registro Biblioteca Nacional de Agricultura
072 ## - CÓDIGO DE CATEGORIA DE ASSUNTO
Código de Categoria de Assunto H01
090 ## - NÚMERO DE CHAMADA LOCAL
Número de chamada H01 BR9802181
100 1# - ENTRADA PRINCIPAL--NOME PESSOAL
Nome pessoal Conceicao, M.A.F.
110 1# - ENTRADA PRINCIPAL--NOME CORPORATIVO
Nome corporativo ou nome da jurisdição Centro Nacional de Pesquisa de Uva e Vinho, Bento Goncalves, RS (Brasil)
245 1# - TÍTULO
Título Criterios para instalacao de quebra-ventos
260 3# - PUBLICAÇÃO, DISTRIBUIÇÃO, ETC.
Local de publicação, distribuição, etc. Bento Goncalves, RS (Brasil):
Data da publicação, distribuição, etc. 1996.
300 ## - DESCRIÇÃO FÍSICA
Extensão 2 p.
490 ## - TÍTULO DA SÉRIE
Título da série Comunicado Tecnico - Centro Nacional de Pesquisa de Uva e Vinho (Brazil)
Número do volume ou designação sequencial da série no. 18
ISSN - International Standard Serial Number
650 ## - ASSUNTO--TERMO TÓPICO
Cabeçalho tópico ou nome geográfico Planta para Cerca Viva
650 ## - ASSUNTO--TERMO TÓPICO
Cabeçalho tópico ou nome geográfico Eucalipto
650 ## - ASSUNTO--TERMO TÓPICO
Cabeçalho tópico ou nome geográfico Leucaena
650 ## - ASSUNTO--TERMO TÓPICO
Cabeçalho tópico ou nome geográfico Banana
650 ## - ASSUNTO--TERMO TÓPICO
Cabeçalho tópico ou nome geográfico Guandu
650 ## - ASSUNTO--TERMO TÓPICO
Cabeçalho tópico ou nome geográfico Cana de Acucar
650 ## - ASSUNTO--TERMO TÓPICO
Cabeçalho tópico ou nome geográfico Capim Elefante
909 ## -
-- 202312
-- Lúcia Elande
-- 55
-- Lúcia Elande
942 ## - ELEMENTOS DE ENTRADA ADICIONADOS (KOHA)
Fonte da classificação ou esquema de arquivamento na estante Classificação AGRIS
Ocultar no OPAC Não
Tipo de material Koha Monografia Seriada
Exemplares
Situação do descarte Fonte da classificação ou esquema de arquivamento na estante Situação física Não pode ser emprestado Coleção Biblioteca de origem Biblioteca atual Localização na estante Total de empréstimos Número de telefone completo Código de barras Data de último acesso Tipo de material Koha Fonte de aquisição
  Classificação AGRIS       Biblioteca Nacional de Agricultura - Binagri Biblioteca Nacional de Agricultura - Binagri Agrobase - Acervo Geral   H01 BR9802181 H01 BR9802181 18/12/2023 Monografia Seriada Portaria Interministerial nº 164/94

BINAGRI

Telefone: (61)3218-2567/2388/3357/2097 - binagri@agro.gov.br

Ministério da Agricultura e Pecuária , Esplanada dos Ministérios, Bloco D, Anexo B, Brasília/DF, CEP: 70.043-900